000 00929nam a2200265Ia 4500
003 OSt
005 20221005111347.0
006 a|||||r|||| 00| 0
007 ta
008 221004b |||||||| |||| 00| 0 hin d
020 _a8181433815 (hbk)
024 _a96628
037 _b571, 23/03/2009, Vani Prakashan
_cTextual
040 _aCRL
_cCRL
_bhin
041 _2hin
_ahin
082 _aO152,6N291x, P5
100 _aयादव, राजेन्द्र
245 0 _aमैं हंस नहीं पढ़ता
246 _aMaian hansa nahīan paढ़tā
260 _aनई दिल्ली
_bवाणी प्रकाशन भारत
_c2005
300 _a164पृ0
_ccm.
490 _aकॉंटे की बात - 12
942 _hO152,6N291x, P5
_cTEXL
_2cc
999 _c1021599
_d1021599